Vererbte Regionen : Aneignungen und Nutzungen Von Regionalem Heritage Im Wendland und in der Lausitz Im Vergleich.

Bibliographic Details
Main Author: Hagemann, Jenny.
Format: eBook
Language:German
Published: Bielefeld : Transcript Verlag, 2022.
Edition:1st ed.
Series:Edition Kulturwissenschaft Series
Subjects:
Online Access:Click to View
LEADER 01520nam a22003613i 4500
001 EBC30469313
003 MiAaPQ
005 20231204023230.0
006 m o d |
007 cr cnu||||||||
008 231204s2022 xx o ||||0 ger d
020 |a 9783839462782  |q (electronic bk.) 
035 |a (MiAaPQ)EBC30469313 
035 |a (Au-PeEL)EBL30469313 
035 |a (OCoLC)1353268671 
040 |a MiAaPQ  |b eng  |e rda  |e pn  |c MiAaPQ  |d MiAaPQ 
100 1 |a Hagemann, Jenny. 
245 1 0 |a Vererbte Regionen :  |b Aneignungen und Nutzungen Von Regionalem Heritage Im Wendland und in der Lausitz Im Vergleich. 
250 |a 1st ed. 
264 1 |a Bielefeld :  |b Transcript Verlag,  |c 2022. 
264 4 |c Ã2022. 
300 |a 1 online resource (356 pages) 
336 |a text  |b txt  |2 rdacontent 
337 |a computer  |b c  |2 rdamedia 
338 |a online resource  |b cr  |2 rdacarrier 
490 1 |a Edition Kulturwissenschaft Series ;  |v v.277 
588 |a Description based on publisher supplied metadata and other sources. 
590 |a Electronic reproduction. Ann Arbor, Michigan : ProQuest Ebook Central, 2023. Available via World Wide Web. Access may be limited to ProQuest Ebook Central affiliated libraries.  
655 4 |a Electronic books. 
776 0 8 |i Print version:  |a Hagemann, Jenny  |t Vererbte Regionen  |d Bielefeld : Transcript Verlag,c2022 
797 2 |a ProQuest (Firm) 
830 0 |a Edition Kulturwissenschaft Series 
856 4 0 |u https://ebookcentral.proquest.com/lib/matrademy/detail.action?docID=30469313  |z Click to View